Anxiety disorders

Saved in:
Bibliographic Details
Main Author:  Kase, Larina
Format: Sách
Language:Undetermined
Published:  John Wiley & Sons  2007
Subjects:
Tags: Add Tag
No Tags, Be the first to tag this record!
Institutions: Trung tâm Thư viện - Trường Đại học Công nghiệp TP. Hồ Chí Minh
LEADER 00461nam a2200157Ia 4500
001 UIH_04188
008 231011s9999 xx 000 0 und d
082 |a  616.85 
100 |a  Kase, Larina 
245 0 |a  Anxiety disorders 
245 0 |c  Kase, Larina 
260 |b  John Wiley & Sons 
260 |c  2007 
650 |a  Bệnh thần kinh;  
927 |a Sách 
980 |a Trung tâm Thư viện - Trường Đại học Công nghiệp TP. Hồ Chí Minh